000 00371pab a2200133 454500
008 180718b xxu||||| |||| 00| 0 eng d
100 _aSabar, Bhubaneswar
245 _aQuestioning history: Excluded citizen and state response to demand for inclusion
300 _ap.241-248.
650 _aTribes
773 _aEconomic and Political Weekly
908 _aN
909 _a97314
999 _c97314
_d97314